000 00365cam a22001097a 4500
008 180718b xxu||||| |||| 00| 0 eng d
082 _aBA27x5411 As72t
100 _aAssam. Department for Welfare of Plains Tribes and Backward Classes etc.
245 _aTribal sub plan
260 _aDispur
_bThe author
_c
500 _aLibrary has 1982/83-1983/84, 1985/86, 1987/88-1989/90
999 _c489118
_d489118